Every 2800 Chess Player Ever - Statistics

General Stats
  • This quiz has been taken 73 times
  • The average score is 10 of 15
Answer Stats
Peak Rating Country Year Achieved Answer % Correct
2882 Norway 2014 Magnus Carlsen
96%
2851 Russia* 1999 Garry Kasparov
90%
2816 United States 2015 Hikaru Nakamura
80%
2817 India 2011 Viswanathan Anand
80%
2816 China 2018 Ding Liren
76%
2844 Italy* 2014 Fabiano Caruana
75%
2830 Armenia* 2014 Levon Aronian
61%
2804 France* 2021 Alireza Firouzja
57%
2822 Philippines* 2017 Wesley So
57%
2817 Russia* 2016 Vladimir Kramnik
55%
2819 France 2016 Maxime Vachier-Lagrave
53%
2820 Azerbaijan 2018 Shakhriyar Mamedyarov
47%
2816 Bulgaria 2015 Veselin Topalov
47%
2801 India 2024 Arjun Erigaisi
45%
2810 Russia 2014 Alexander Grischuk
35%
No matching quizzes found
Score Distribution
Percent of People with Each Score
Percentile by Number Answered
Your Score History
You have not taken this quiz